=LDR 00000nam 2200000 4500 =001 INLIS000000000035318 =005 20130612141203 =008 ***********************************ind** =035 ##$$0010-061300000035318 =041 ##$$a ind =082 ##$$a 342.07 =090 ##$$a 342.07, Ind b =245 ##$$a Buku Pintar perselisijan hasil pemilihan umum 2009, Makamah Konstitusi Ri, 2009 =650 ##$$a Pemerintahan Umum-Undang-Undang Dan Peraturan =850 ##$$a NBPNMAT